| 000 | 00923nam a2200181Ia 4500 | ||
|---|---|---|---|
| 008 | 090630s9999 xx 000 0 und d | ||
| 082 | _b23054 | ||
| 100 | _aडॉ. गुंदेकर श्रीराम. | ||
| 245 |
_aम. ज्योतिबा फुले : साहित्य आणि साहित्यमुल्ये. _cडॉ. गुंदेकर श्रीराम. |
||
| 260 |
_bप्रतिमा - पुणे. _c2002 |
||
| 300 | _a368 | ||
| 600 | _aडॉ. गुंदेकर श्रीराम. | ||
| 630 | _aम. ज्योतिबा फुले : साहित्य आणि साहित्यमुल्ये. | ||
| 655 | _aइतर. | ||
| 700 | _aडॉ. गुंदेकर श्रीराम. | ||
| 730 | _aम. ज्योतिबा फुले : साहित्य आणि साहित्यमुल्ये. | ||
| 942 | _cBOOK | ||
| 999 |
_c274910 _d274910 |
||